| 000 | 00404nam a2200145Ia 4500 | ||
|---|---|---|---|
| 008 | 230917s9999||||xx |||||||||||||| ||und|| | ||
| 040 |
_e153380 _aMAIN |
||
| 041 | _aEnglish | ||
| 082 | _a181.4 S86A | ||
| 100 | _aSrivastava, Suresh Chander | ||
| 245 | 0 | _aAcharya Vigyanbhikshu aur Bharatiya darshan mein unka sthhan | |
| 260 |
_aAllahabad _bLokbharati Prakashan _c1969 |
||
| 300 | _a218 p. | ||
| 942 | _cBK | ||
| 999 |
_c82723 _d82723 |
||